=LDR 00000nam 2200000 4500 =001 INLIS000000000059288 =005 20211108072443 =035 ##$$a 0010-1121000025 =007 ta =008 211108###########################0#ind## =020 ##$$a 979-8629-37-3 =082 ##$$a 950.8 =084 ##$$a 950.8 Gde p =245 1#$$a Pernyataan Rum-Van Roijen 7 Mei 1949 /$c Dr.Mr. Ide Agung Gde Agung =300 ##$$a ix,117 halaman : $b Ilustrasi ; $c 21 Cm. =600 #4$$a Indonesia - Sejarah =264 ##$$a Yogyakarta :$b Sebelas Maret University Press,$c 1995 =336 ##$$a teks$2 rdacontent =337 ##$$a lain-lain$2 rdamedia =338 ##$$a lain-lain$2 rdacarrier =990 ##$$a 26862686